Name the Animal Found in the Amazon Rainforest - Statistics

General Stats
  • This quiz has been taken 61 times
  • The average score is 7 of 16
Answer Stats
Picture Answer % Correct
Jaguar
96%
Capybara
84%
Sloth
72%
Toucan
70%
Green Anaconda
68%
Macaw
54%
Electric Eel
52%
Poison Dart Frog
48%
Puma
46%
Harpy Eagle
36%
River Otter
36%
Pink River Dolphin
28%
Red-Bellied Piranha
18%
Red Howler Monkey
16%
South American Tapir
6%
Black-capped Squirrel Monkey
4%
No matching quizzes found
Score Distribution
Percent of People with Each Score
Percentile by Number Answered
Your Score History
You have not taken this quiz